[Event "DVM U12 2010"]
[Site "Templin OT Groß Dölln GER"]
[Date "2010.12.27"]
[Round "2"]
[White "Birnkraut, Tim"]
[Black "Röhlich, Philipp"]
[Result "0-1"]
[Termination "normal"]
[Board "7.1"]
[WhiteElo "1686"]
[BlackElo "1711"]
[WhiteTeam "SF Brackel"]
[BlackTeam "SG Trier"]
[WhiteFideId "24609587"]
[BlackFideId "24692832"]
[EventCountry "GER"]
[EventRounds "7"]
[EventType "team-swiss"]
[EventDate "2010.12.26"]

1. e4 c5 2. c4 e5 3. d3 Nc6 4. Nc3 g6 5. g3 Bg7 6. Bg2 d6 7. Nge2 Nge7 8. O-O
O-O 9. f4 f5 10. Kh1 Bd7 11. Bd2 Rb8 12. Rb1 Nb4 13. Be3 a6 14. a3 Nbc6 15. b4
b6 16. Qd2 Nd4 17. Bxd4 cxd4 18. Nd5 Nxd5 19. cxd5 Bh6 20. Qd1 Qe7 21. fxe5
dxe5 22. Qb3 Kh8 23. Ng1 Rfc8 24. Nf3 Rc3 25. Qd1 Rxa3 26. Re1 Be3 27. Qe2 Rc8
28. Ra1 Rcc3 29. Rxa3 Rxa3 30. Rd1 f4 31. Ne1 Ba4 32. Rb1 Rc3 33. Bf3 Bb5 34.
Rd1 Ba4 35. Rb1 Qg5 36. g4 Qe7 37. Qf1 Qd6 38. Ng2 Bc2 39. Rb2 Bxd3 0-1

[Event "DVM U12 2010"]
[Site "Templin OT Groß Dölln GER"]
[Date "2010.12.27"]
[Round "2"]
[White "Bauer, Lukas"]
[Black "Wastian, Jan"]
[Result "1-0"]
[Termination "normal"]
[Board "7.2"]
[WhiteElo "1571"]
[BlackElo "1409"]
[WhiteTeam "SG Trier"]
[BlackTeam "SF Brackel"]
[WhiteFideId "12907715"]
[BlackFideId "12911640"]
[EventCountry "GER"]
[EventRounds "7"]
[EventType "team-swiss"]
[EventDate "2010.12.26"]

1. e4 c6 2. d4 d5 3. exd5 cxd5 4. c4 Nf6 5. Nc3 Nc6 6. Nf3 e6 7. Bg5 Be7 8. Be2
dxc4 9. Bxc4 O-O 10. O-O b6 11. Re1 Na5 12. Bd3 Bb7 13. Ne5 Bd5 14. Re3 Ng4 15.
Rh3 f5 16. Bxe7 Qxe7 17. Qxg4 g6 18. Nxd5 exd5 19. Qf3 Qe6 20. Qf4 Rab8 21. Re1
b5 22. Nf3 Qc6 23. Ng5 Rb7 24. g3 1-0

[Event "DVM U12 2010"]
[Site "Templin OT Groß Dölln GER"]
[Date "2010.12.27"]
[Round "2"]
[White "Hlopotov, Nikita"]
[Black "Bach, Marc-Andre"]
[Result "1-0"]
[Termination "normal"]
[Board "7.3"]
[WhiteElo "1318"]
[BlackElo "1682"]
[WhiteTeam "SF Brackel"]
[BlackTeam "SG Trier"]
[WhiteFideId "12964794"]
[BlackFideId "1270773"]
[EventCountry "GER"]
[EventRounds "7"]
[EventType "team-swiss"]
[EventDate "2010.12.26"]

1. e4 d5 2. exd5 Nf6 3. d4 Nxd5 4. Nf3 g6 5. Bc4 Nb6 6. Bb3 Nc6 7. Nc3 Bg7 8.
Be3 Bg4 9. d5 Ne5 10. Bd4 O-O 11. Bxe5 Bxe5 12. h3 Bf5 13. Nxe5 a5 14. a4 Qd6
15. Nc4 Nxc4 16. Bxc4 Rad8 17. O-O Qf4 18. Bd3 Bd7 19. Re1 e6 20. Re3 exd5 21.
Nxd5 Qg5 22. Nxc7 Bc6 23. Rg3 Qe5 24. Nb5 Qd5 25. Nc3 Qd4 26. Qg4 Qc5 27. Ne4
Qd4 28. Qh4 Bxe4 29. Qxe4 Qb6 30. h4 Qxb2 31. Rd1 Qb6 32. h5 Kg7 33. Qe5+ Kg8
34. hxg6 hxg6 35. Rh3 f6 36. Bc4+ Kg7 37. Qe7+ Rf7 38. Qxf7# 1-0

[Event "DVM U12 2010"]
[Site "Templin OT Groß Dölln GER"]
[Date "2010.12.27"]
[Round "2"]
[White "Kasel, Mario"]
[Black "Thiemann, Marc"]
[Result "1-0"]
[Termination "normal"]
[Board "7.4"]
[WhiteElo "1347"]
[BlackElo "1099"]
[WhiteTeam "SG Trier"]
[BlackTeam "SF Brackel"]
[WhiteFideId "24660957"]
[EventCountry "GER"]
[EventRounds "7"]
[EventType "team-swiss"]
[EventDate "2010.12.26"]

1. e4 e5 2. Nf3 f5 3. d3 Nc6 4. Nc3 Bb4 5. Bd2 Nf6 6. Be2 O-O 7. O-O d6 8. a3
Bxc3 9. Bxc3 fxe4 10. dxe4 Nxe4 11. Qd5+ Kh8 12. Qxe4 Bf5 13. Qc4 e4 14. Nd4 d5
15. Nxc6 dxc4 16. Nxd8 Raxd8 17. Bxc4 Bg4 18. Rae1 Rde8 19. Re3 c6 20. Rg3 e3
21. Rxg4 exf2+ 22. Rxf2 Rxf2 23. Kxf2 h5 24. Rxg7 Rf8+ 25. Kg1 Rf7 26. Rg5+ Kh7
27. Bxf7 Kh6 28. Rg3 c5 29. Bg8 h4 30. Bg7+ Kh5 31. Bf7# 1-0

[Event "DVM U12 2010"]
[Site "Templin OT Groß Dölln GER"]
[Date "2010.12.27"]
[Round "2"]
[White "Engert, Marvin"]
[Black "Scheinhütte, Jakob"]
[Result "1-0"]
[Termination "normal"]
[Board "8.1"]
[WhiteElo "1631"]
[BlackElo "1587"]
[WhiteTeam "SG Turm Leipzig"]
[BlackTeam "SV Empor Berlin"]
[WhiteFideId "12901164"]
[BlackFideId "24693944"]
[EventCountry "GER"]
[EventRounds "7"]
[EventType "team-swiss"]
[EventDate "2010.12.26"]

1. e4 e6 2. d4 d5 3. Nd2 a6 4. Bd3 c5 5. c3 c4 6. Bb1 Nc6 7. Ne2 Nf6 8. e5 Nd7
9. Nf3 Ne7 10. Nf4 Ng6 11. O-O Be7 12. b3 Nb6 13. a4 a5 14. Nxg6 fxg6 15. Ba3
O-O 16. h4 Bd7 17. Bxe7 Qxe7 18. Qc2 Be8 19. Ng5 cxb3 20. Qxb3 Nc4 21. Qd1 Rf4
22. g3 Rf8 23. Qg4 Bd7 24. h5 Nd2 25. Nxh7 gxh5 26. Qxh5 Be8 27. Qh3 Rf3 28.
Kg2 Rxc3 29. Rh1 Nxb1 30. Nf6+ Kf7 31. Qh5+ Kf8 32. Qh8+ Kf7 33. Qg8+ Kg6 34.
Rh6+ Kg5 35. f4+ Kf5 36. Qh7+ 1-0

[Event "DVM U12 2010"]
[Site "Templin OT Groß Dölln GER"]
[Date "2010.12.27"]
[Round "2"]
[White "Schmid, Floyd"]
[Black "Hummel, Felician"]
[Result "1-0"]
[Termination "normal"]
[Board "8.2"]
[WhiteElo "1527"]
[BlackElo "1509"]
[WhiteTeam "SV Empor Berlin"]
[BlackTeam "SG Turm Leipzig"]
[WhiteFideId "24686069"]
[BlackFideId "16200489"]
[EventCountry "GER"]
[EventRounds "7"]
[EventType "team-swiss"]
[EventDate "2010.12.26"]

1. e4 e6 2. d4 d5 3. exd5 exd5 4. Bd3 Nf6 5. Bg5 h6 6. Bh4 Be6 7. Nf3 Nbd7 8.
Nbd2 c5 9. c3 Qb6 10. Qc2 c4 11. Be2 Bd6 12. O-O O-O 13. Bg3 Qc7 14. Bxd6 Qxd6
15. h3 Rab8 16. b3 b5 17. Rfe1 Rfc8 18. Rac1 Nb6 19. Ne5 Nfd7 20. Nxd7 Qxd7 21.
Bf3 Bf5 22. Qd1 Re8 23. Nf1 Rxe1 24. Qxe1 Re8 25. Qd2 Qe6 26. Ne3 Bd3 27. Ng4
Nd7 28. Qf4 f5 29. Ne3 g5 30. Qc7 f4 31. Bxd5 fxe3 32. Bxe6+ Rxe6 33. Qxd7
exf2+ 34. Kxf2 Bf5 35. Qxb5 cxb3 36. Qxf5 Re7 37. axb3 Rf7 38. Qxf7+ Kxf7 39.
c4 Ke6 40. c5 Kd5 41. c6 Kxd4 42. c7 a5 43. c8=Q a4 44. Qd8+ Ke5 45. Re1+ Kf5
46. Qf8+ Kg6 47. Re6+ Kh5 48. Qxh6# 1-0

[Event "DVM U12 2010"]
[Site "Templin OT Groß Dölln GER"]
[Date "2010.12.27"]
[Round "2"]
[White "Storch, Domenic"]
[Black "Hertzfeldt, Leon"]
[Result "1-0"]
[Termination "normal"]
[Board "8.3"]
[WhiteElo "1447"]
[BlackElo "1349"]
[WhiteTeam "SG Turm Leipzig"]
[BlackTeam "SV Empor Berlin"]
[WhiteFideId "16200470"]
[EventCountry "GER"]
[EventRounds "7"]
[EventType "team-swiss"]
[EventDate "2010.12.26"]

1. d4 Nf6 2. c4 g6 3. Nc3 Bg7 4. e4 d6 5. Be3 O-O 6. f3 e5 7. d5 c6 8. Bd3 b5
9. cxb5 cxd5 10. exd5 Nbd7 11. Nge2 Nb6 12. Bf2 Nfxd5 13. Nxd5 Nxd5 14. Be4
Qa5+ 15. Qd2 Qxd2+ 16. Kxd2 Bh6+ 17. Ke1 Be6 18. Rd1 Nb4 19. Bxa8 Nc2+ 20. Kf1
Rxa8 21. Nc3 Rd8 22. Bxa7 d5 23. Bf2 d4 24. a4 f5 25. Kg1 Ra8 26. b6 Ra6 27. a5
dxc3 28. b7 Nd4 29. b8=Q+ Bf8 30. Bxd4 c2 31. Rc1 exd4 32. Rxc2 Rd6 33. Kf2 Rd7
34. Re1 d3 35. Rd2 Kf7 36. Rxe6 Bc5+ 37. Re3 f4 38. Qxf4+ Kg7 39. Qe5+ Kf7 40.
Qxc5 Ra7 41. Re7+ Rxe7 42. Qxe7+ Kxe7 43. Rxd3 Ke6 44. a6 Ke5 45. a7 Kf5 46.
a8=Q Kg5 47. Qf8 Kh5 48. g4+ Kg5 49. Rd5+ Kh4 50. Qh6# 1-0

[Event "DVM U12 2010"]
[Site "Templin OT Groß Dölln GER"]
[Date "2010.12.27"]
[Round "2"]
[White "Topaj, Dan"]
[Black "Hummel, Jeremias"]
[Result "1-0"]
[Termination "normal"]
[Board "8.4"]
[WhiteElo "1186"]
[BlackElo "1141"]
[WhiteTeam "SV Empor Berlin"]
[BlackTeam "SG Turm Leipzig"]
[WhiteFideId "24693979"]
[EventCountry "GER"]
[EventRounds "7"]
[EventType "team-swiss"]
[EventDate "2010.12.26"]

1. e4 c5 2. Nf3 Nc6 3. d4 cxd4 4. Nxd4 d6 5. Nc3 Nf6 6. Be2 Bd7 7. h3 g6 8. O-O
Bg7 9. Be3 O-O 10. Qd2 a6 11. Rad1 Qc7 12. Bg5 Nxe4 13. Nxe4 Bxd4 14. c3 Bg7
15. Rfe1 Bf5 16. Ng3 Qd7 17. Bf3 Ne5 18. Qe3 Rac8 19. Nxf5 Qxf5 20. Bxb7 Rc7
21. Bxa6 Ra8 22. Bd3 Nxd3 23. Rxd3 f6 24. Bf4 Rxa2 25. g4 Qc5 26. Qxc5 Rxc5 27.
b4 Rc4 28. Bg3 Ra3 29. Rxe7 Bf8 30. Ree3 Rc6 31. b5 Rb6 32. c4 Ra4 33. Rd4 d5
34. Rxd5 Rxc4 35. Re8 Rb7 36. Rdd8 Rf7 37. Bd6 Rd4 38. Rxf8+ Rxf8 39. Rxf8+ Kg7
40. Rd8 Kf7 41. Bc7 Rb4 42. b6 Ke7 43. Rd3 Ke6 44. Kg2 f5 45. g5 f4 46. Kf3 Kf5
47. h4 Rb5 48. Rd6 Rb3+ 49. Kg2 Rg3+ 50. Kf1 Rh3 51. Kg2 Rxh4 52. Rf6+ Ke4 53.
Rxf4+ 1-0

[Event "DVM U12 2010"]
[Site "Templin OT Groß Dölln GER"]
[Date "2010.12.27"]
[Round "2"]
[White "Hamid, Emran"]
[Black "Poghosyan, Tigran"]
[Result "1/2-1/2"]
[Termination "normal"]
[Board "9.1"]
[WhiteElo "1750"]
[BlackElo "1542"]
[WhiteTeam "SC Pforzheim"]
[BlackTeam "Lübecker SV"]
[WhiteFideId "12903566"]
[BlackFideId "12909319"]
[EventCountry "GER"]
[EventRounds "7"]
[EventType "team-swiss"]
[EventDate "2010.12.26"]

1. c4 c5 2. g3 Nc6 3. Bg2 e5 4. Nc3 Nge7 5. d3 g6 6. e4 Bg7 7. Nge2 O-O 8. Be3
d6 9. O-O Be6 10. Nd5 f5 11. Rb1 h6 12. a3 g5 13. exf5 Nxf5 14. b4 cxb4 15.
axb4 Nfd4 16. Bxd4 exd4 17. Qd2 Qd7 18. f4 Bf5 19. Rbd1 Rae8 20. Rfe1 Bg4 21.
Ra1 Kh8 22. b5 Ne7 23. Rxa7 Nxd5 24. Bxd5 Qe7 25. Rxb7 Qe3+ 26. Qxe3 Rxe3 27.
Kf2 Rxd3 28. Re7 Rd2 29. Bf3 Bh3 1/2-1/2

[Event "DVM U12 2010"]
[Site "Templin OT Groß Dölln GER"]
[Date "2010.12.27"]
[Round "2"]
[White "Kololli, Kevin"]
[Black "Hartmann, Martin"]
[Result "0-1"]
[Termination "normal"]
[Board "9.2"]
[WhiteElo "1324"]
[BlackElo "1259"]
[WhiteTeam "Lübecker SV"]
[BlackTeam "SC Pforzheim"]
[WhiteFideId "12936863"]
[BlackFideId "12911925"]
[EventCountry "GER"]
[EventRounds "7"]
[EventType "team-swiss"]
[EventDate "2010.12.26"]

1. e4 d5 2. exd5 Qxd5 3. Nc3 Qa5 4. d4 c6 5. Bc4 Bf5 6. Bd2 e6 7. Nge2 Nf6 8.
Ng3 Bg6 9. O-O Bb4 10. a3 Bxc3 11. Bxc3 Qc7 12. f4 O-O 13. Qe2 Nbd7 14. f5 exf5
15. Nxf5 Nb6 16. Ne7+ Kh8 17. Nxg6+ fxg6 18. Bb3 Nbd5 19. Rae1 Nxc3 20. bxc3 h5
21. h3 Rae8 22. Qd3 Kh7 23. c4 Rxe1 24. Rxe1 Qa5 25. Re7 Qxa3 26. Rxb7 Qc1+ 27.
Kh2 Qf4+ 28. Kg1 Re8 29. Qf1 Qxd4+ 30. Kh1 Qc3 31. Kh2 h4 32. Qf2 Re1 33. Qxh4+
Nh5 34. Qg5 Ng3 35. Qh4+ Nh5 36. Qg5 Qd4 0-1

[Event "DVM U12 2010"]
[Site "Templin OT Groß Dölln GER"]
[Date "2010.12.27"]
[Round "2"]
[White "Shabani, Shabi"]
[Black "Kololli, Martin"]
[Result "0-1"]
[Termination "normal"]
[Board "9.3"]
[WhiteElo "1233"]
[BlackElo "1431"]
[WhiteTeam "SC Pforzheim"]
[BlackTeam "Lübecker SV"]
[BlackFideId "12936910"]
[EventCountry "GER"]
[EventRounds "7"]
[EventType "team-swiss"]
[EventDate "2010.12.26"]

1. e4 e6 2. d4 d5 3. exd5 exd5 4. Nc3 Nf6 5. Nf3 Bb4 6. Bd2 O-O 7. Be2 Nc6 8.
O-O Bg4 9. h3 Bxf3 10. Bxf3 Nxd4 11. Nxd5 Nxf3+ 12. Qxf3 Bxd2 13. Nxf6+ Qxf6
14. Qxb7 Qb6 15. Qxb6 axb6 16. Rfd1 Rfd8 17. Kf1 Bg5 18. a3 f6 19. g3 Kf7 20.
f4 Bh6 21. Rd3 Rxd3 22. cxd3 Ke6 23. Rc1 c5 24. Ke2 g5 25. fxg5 fxg5 26. d4 g4
27. Re1 Kd5 28. dxc5 Re8+ 29. Kf2 Rxe1 30. Kxe1 gxh3 31. Kf1 Kxc5 32. b3 Bc1
33. g4 Bxa3 34. Kf2 Kb4 35. Kg3 Kxb3 36. Kxh3 Kc2 37. Kh4 b5 38. Kh5 Bc1 39. g5
b4 40. g6 hxg6+ 41. Kxg6 b3 42. Kg7 b2 43. Kg6 b1=Q 44. Kh7 Bb2 45. Kh6 Qg1 46.
Kh7 Qg7# 0-1